To the lighthouse

Saved in:
Bibliografiske detaljer
Hovedforfatter: Woolf, Virginia, 1882-1941 (autora)
Format: Bog
Sprog:engelsk
Udgivet: Londres Triad 1977
Serier:Panther books
Fag:
Tags: Tilføj Tag
Ingen Tags, Vær først til at tagge denne postø!

MARC

LEADER 00000nam a2200000 a 4500
001 UCX4752
003 CL-VaPUC
008 920727e19770000UK |||||||||||||||||eng|d
082 0 4 |a 823  |b WOO  |2 21 
100 |a Woolf, Virginia,   |d 1882-1941  |e autora  |9 265377 
245 1 0 |a To the lighthouse 
300 |a 191 p 
942 |c BK 
945 |d 19920727 00:00:00 
260 |a Londres  |b Triad  |c 1977 
650 0 |a Novelas inglesas  |9 265220 
583 |a last modification  |c 19920727 00:00:00  |k Rodrigo Vera 
490 0 |a Panther books 
999 |c 225152  |d 225150 
952 |0 0  |1 0  |4 0  |6 823_000000000000000_WOO_1977  |7 0  |8 A  |9 222415  |a BIBEDU  |b BIBEDU  |d 2019-11-15  |i 291249K  |o 823 WOO 1977  |p 291249K  |r 2019-11-15  |w 2019-11-15  |y BK  |k LIT 
952 |0 0  |1 0  |4 0  |6 823_000000000000000_WOO_1977  |7 0  |8 A  |9 222416  |a BIBEDU  |b BIBEDU  |d 2019-11-15  |i 1932136  |o 823 WOO 1977  |p 1932136  |r 2019-11-15  |w 2019-11-15  |y BK  |k LIT